ՀՀ Գիտությունների ազգային ակադեմիայի հիմնարար գիտական գրադարան  =   Fundamental Scientific Library of NAS RA

Представление знаний о времени и пространстве в интеллектуальных системах / (Record no. 152448)

MARC details
000 -LEADER
fixed length control field 01177nam a2200265 u 4500
001 - CONTROL NUMBER
control field 000402099
003 - CONTROL NUMBER IDENTIFIER
control field AM-YeHGA
005 - DATE AND TIME OF LATEST TRANSACTION
control field 20250617132522.0
008 - FIXED-LENGTH DATA ELEMENTS--GENERAL INFORMATION
fixed length control field 050112s1989 ru |||||||||||000|0|rus d
020 ## - INTERNATIONAL STANDARD BOOK NUMBER
International Standard Book Number 5020140961
040 ## - CATALOGING SOURCE
Original cataloging agency AM-YeHGA
041 0# - LANGUAGE CODE
Language code of text/sound track or separate title rus
090 ## - LOCALLY ASSIGNED LC-TYPE CALL NUMBER (OCLC); LOCAL CALL NUMBER (RLIN)
-- 153844
100 1# - MAIN ENTRY--PERSONAL NAME
Personal name Кандрашина, Елена Юрьевна
245 10 - TITLE STATEMENT
Title Представление знаний о времени и пространстве в интеллектуальных системах /
Statement of responsibility, etc. Е.Ю. Кандрашина, Л.В. Литвинцева, Д.А. Поспелов; Под ред. Д.А. Поспелова.
260 ## - PUBLICATION, DISTRIBUTION, ETC.
Place of publication, distribution, etc. Москва :
Name of publisher, distributor, etc. Наука,
Date of publication, distribution, etc. 1989.
300 ## - PHYSICAL DESCRIPTION
Extent 328 с. :
Other physical details ил.
440 #0 - SERIES STATEMENT/ADDED ENTRY--TITLE
Title Пробл. искусств. интеллекта
Volume/sequential designation Вып. 16
504 ## - BIBLIOGRAPHY, ETC. NOTE
Bibliography, etc. note Библиогр. в примеч.: с. 307-328
653 0# - INDEX TERM--UNCONTROLLED
Uncontrolled term Представление знаний
653 0# - INDEX TERM--UNCONTROLLED
Uncontrolled term Интеллектуальные системы
650 14 - SUBJECT ADDED ENTRY--TOPICAL TERM
Topical term or geographic name entry element Пространство и время
700 1# - ADDED ENTRY--PERSONAL NAME
Personal name Литвинцева, Людмила Васильевна
700 1# - ADDED ENTRY--PERSONAL NAME
Personal name Поспелов, Дмитрий Александрович.
Holdings
Withdrawn status Lost status Damaged status Not for loan Collection Home library Current library Date acquired Total checkouts Full call number Barcode Date last seen Price effective from Koha item type Public note
        General Fundamental Scientific Library Fundamental Scientific Library 28/12/2016   003.29 120614216 28/12/2016 28/12/2016 Գրքեր / Books 30 Days Loan
        General Fundamental Scientific Library Fundamental Scientific Library 28/12/2016   003.29 120622038 28/12/2016 28/12/2016 Գրքեր / Books Two weeks Loan


ՀՀ ԳԱԱ հիմնարար գիտական գրադարան
ՀՀ,Երևան 0019
Մարշալ Բաղրամյան 24/6
հեռախոս:(374-10) 52-47-50
Հետադարձ կապ

All site content, except where otherwise noted, is licensed under a
Creative Commons License